ত্রিপুরার উপন্যাস পরিক্রমা / (Record no. 80902)
[ view plain ]
| 000 -LEADER | |
|---|---|
| fixed length control field | 00792nam a2200229 a 4500 |
| 001 - CONTROL NUMBER | |
| control field | 80902 |
| 003 - CONTROL NUMBER IDENTIFIER | |
| rucl marc code | BD-RjUL |
| 005 - DATE AND TIME OF LATEST TRANSACTION | |
| control field | 20221206111431.0 |
| 008 - FIXED-LENGTH DATA ELEMENTS--GENERAL INFORMATION | |
| fixed length control field | 221206s2022 ii ||||| |||| 00| 0 ben d |
| 020 ## - INTERNATIONAL STANDARD BOOK NUMBER | |
| International Standard Book Number | 9788195604678 |
| 035 ## - SYSTEM CONTROL NUMBER | |
| System control number | (BD-RjUL)80902 |
| 040 ## - CATALOGING SOURCE | |
| Original cataloging agency | BD-RjUL |
| Language of cataloging | eng |
| Transcribing agency | BD-RjUL |
| 041 ## - LANGUAGE CODE | |
| Language code of text/sound track or separate title | ben |
| 082 ## - DEWEY DECIMAL CLASSIFICATION NUMBER | |
| Edition number | 23 |
| Classification number | 891.443 |
| Author mark and year | DAT 2022 |
| 100 ## - MAIN ENTRY--PERSONAL NAME | |
| Personal name | দাস, সুস্মিতা |
| 9 (RLIN) | 6169 |
| 245 ## - TITLE STATEMENT | |
| Title | ত্রিপুরার উপন্যাস পরিক্রমা / |
| Statement of responsibility, etc. | সুস্মিতা দাস |
| 260 ## - PUBLICATION, DISTRIBUTION, ETC. (IMPRINT) | |
| Place of publication, distribution, etc. | কলকাতা : |
| Name of publisher, distributor, etc. | তুলসী পাবলিশিং হাউস, |
| Date of publication, distribution, etc. | ২০২২ |
| 300 ## - PHYSICAL DESCRIPTION | |
| Pagination | ৩৪৮ পৃ.; |
| Size | ২৩ সেমি. |
| 650 ## - SUBJECT ADDED ENTRY--TOPICAL TERM | |
| Topical term or geographic name as entry element | বাংলা উপন্যাস |
| Topical term or geographic name as entry element | Bengali novel |
| 942 ## - ADDED ENTRY ELEMENTS (KOHA) | |
| Source of classification or shelving scheme | Dewey Decimal Classification |
| Koha item type | Books |
| Lost status | Source of classification or shelving scheme | Damaged status | Not for loan | Collection code | Permanent Location | Current Location | Shelving location | Date acquired | Source of acquisition | Cost, normal purchase price | Total Checkouts | Full call number | Date last seen | Copy number | Koha item type |
|---|---|---|---|---|---|---|---|---|---|---|---|---|---|---|---|
| Dewey Decimal Classification | Not For Loan | Fiction | Central Library, University of Rajshahi | Central Library, University of Rajshahi | Reading Room | 30/10/2022 | Author | 500.00 | B 891.443 DAT 2022 | 06/12/2022 | C-1 | Books |